000 00603cas a22002055a 4500
001 L138691
008 070703d19781988xxkqr p 0 a0eng u
035 _a(Sirsi) u138691
041 0 _aeng
110 2 _aBuilding Societies Association
_91731
245 0 0 _aBSA Bulletin
260 _aLondon
_bBSA
_c1978-1988
362 0 _a(16) October 1978-(56) October 1988
554 _aFour per year
651 4 _aUnited Kingdom
_y
690 _aPROPERTY-RESIDENTIAL PROPERTY-RESIDENTIAL PROPERTY FINANCE AND INVESTMENT
780 0 0 _tFacts and Figures
785 0 0 _tHousing Finance
_x0955-3800
942 _n0
999 _c119014
_d119014